Discrete mathematics and its applications

-д хадгалсан:
Номзүйн дэлгэрэнгүй
Үндсэн зохиолч: Rosen, Kenneth H.
Формат: Ном
Хэвлэсэн: MGH
Шошгууд: Шошго нэмэх
Шошго байхгүй, Энэхүү баримтыг шошголох эхний хүн болох!

MARC

LEADER 00000nam a2200000Ia 4500
005 20260515061614.0
100 |a Rosen, Kenneth H. 
020 |a 9789390727353 
942 |c BK 
245 |a Discrete mathematics and its applications  
260 |b MGH 
999 |c 12  |d 12 
952 |0 0  |1 0  |4 0  |7 0  |a ABDN  |b ABDN  |d 2026-05-15  |l 0  |p 000001  |r 2026-05-15 06:16:14  |w 2026-05-15  |y BK